Inflammatory bowel disease and COVID-19-"preventive" sick certificates as a frequent coping strategy in the face of the pandemic

Saved in:
Bibliographic Details
Main Authors: Schlabitz, Franziska (Author) , Teich, Niels (Author) , Michl, Patrick (Author) , Walldorf, Jens (Author)
Format: Article (Journal)
Language:English
Published: 2020
In: Inflammatory bowel diseases
Year: 2020, Volume: 26, Issue: 9, Pages: e105-e106
ISSN:1536-4844
DOI:10.1093/ibd/izaa155
Online Access:Resolving-System, lizenzpflichtig: https://doi.org/10.1093/ibd/izaa155
Get full text
Author Notes:Franziska Schlabitz, Niels Teich, Patrick Michl, Jens Walldorf

MARC

LEADER 00000caa a2200000 c 4500
001 1755020112
003 DE-627
005 20230427061315.0
007 cr uuu---uuuuu
008 210415s2020 xx |||||o 00| ||eng c
024 7 |a 10.1093/ibd/izaa155  |2 doi 
035 |a (DE-627)1755020112 
035 |a (DE-599)KXP1755020112 
035 |a (OCoLC)1361714989 
040 |a DE-627  |b ger  |c DE-627  |e rda 
041 |a eng 
084 |a 33  |2 sdnb 
100 1 |a Schlabitz, Franziska  |e VerfasserIn  |0 (DE-588)1274703271  |0 (DE-627)1824482817  |4 aut 
245 1 0 |a Inflammatory bowel disease and COVID-19-"preventive" sick certificates as a frequent coping strategy in the face of the pandemic  |c Franziska Schlabitz, Niels Teich, Patrick Michl, Jens Walldorf 
264 1 |c 2020 
300 |b Diagramme 
300 |a 2 
336 |a Text  |b txt  |2 rdacontent 
337 |a Computermedien  |b c  |2 rdamedia 
338 |a Online-Ressource  |b cr  |2 rdacarrier 
700 1 |a Teich, Niels  |d 1971-  |e VerfasserIn  |0 (DE-588)121626563  |0 (DE-627)081431066  |0 (DE-576)181700328  |4 aut 
700 1 |a Michl, Patrick  |d 1971-  |e VerfasserIn  |0 (DE-588)121336328  |0 (DE-627)081239203  |0 (DE-576)292654677  |4 aut 
700 1 |a Walldorf, Jens  |d 1971-  |e VerfasserIn  |0 (DE-588)121947459  |0 (DE-627)705711277  |0 (DE-576)293011931  |4 aut 
773 0 8 |i Enthalten in  |t Inflammatory bowel diseases  |d Oxford : Oxford University Press, 1995  |g 26(2020), 9, Seite e105-e106  |h Online-Ressource  |w (DE-627)340075406  |w (DE-600)2065065-6  |w (DE-576)098546589  |x 1536-4844  |7 nnas  |a Inflammatory bowel disease and COVID-19-"preventive" sick certificates as a frequent coping strategy in the face of the pandemic 
773 1 8 |g volume:26  |g year:2020  |g number:9  |g pages:e105-e106  |g extent:2  |a Inflammatory bowel disease and COVID-19-"preventive" sick certificates as a frequent coping strategy in the face of the pandemic 
856 4 0 |u https://doi.org/10.1093/ibd/izaa155  |x Resolving-System  |z lizenzpflichtig 
951 |a AR 
992 |a 20221205 
993 |a Article 
994 |a 2020 
998 |g 121336328  |a Michl, Patrick  |m 121336328:Michl, Patrick  |d 910000  |d 950000  |d 950950  |e 910000PM121336328  |e 950000PM121336328  |e 950950PM121336328  |k 0/910000/  |k 1/910000/950000/  |k 2/910000/950000/950950/  |p 3 
999 |a KXP-PPN1755020112  |e 4225247481 
BIB |a Y 
SER |a journal 
JSO |a {"relHost":[{"type":{"media":"Online-Ressource","bibl":"periodical"},"id":{"issn":["1536-4844"],"zdb":["2065065-6"],"doi":["10.1002/(ISSN)1536-4844"],"eki":["340075406"]},"disp":"Inflammatory bowel disease and COVID-19-\"preventive\" sick certificates as a frequent coping strategy in the face of the pandemicInflammatory bowel diseases","pubHistory":["1.1995 -"],"recId":"340075406","language":["eng"],"title":[{"subtitle":"official journal of the Crohn's & Colitis Foundation of America","title_sort":"Inflammatory bowel diseases","title":"Inflammatory bowel diseases"}],"physDesc":[{"extent":"Online-Ressource"}],"origin":[{"publisherPlace":"Oxford ; Philadelphia, Pa. ; Hoboken, NJ [u.a.] ; Philadelphia, Pa.","dateIssuedDisp":"1995-","publisher":"Oxford University Press ; Lippincott Williams & Wilkins ; Wiley ; Lippincott Williams & Wilkins","dateIssuedKey":"1995"}],"note":["Gesehen am 04.06.2018"],"part":{"extent":"2","volume":"26","issue":"9","text":"26(2020), 9, Seite e105-e106","year":"2020","pages":"e105-e106"}}],"name":{"displayForm":["Franziska Schlabitz, Niels Teich, Patrick Michl, Jens Walldorf"]},"recId":"1755020112","id":{"eki":["1755020112"],"doi":["10.1093/ibd/izaa155"]},"origin":[{"dateIssuedDisp":"2020","dateIssuedKey":"2020"}],"physDesc":[{"extent":"2 S.","noteIll":"Diagramme"}],"person":[{"family":"Schlabitz","display":"Schlabitz, Franziska","given":"Franziska","role":"aut"},{"given":"Niels","role":"aut","display":"Teich, Niels","family":"Teich"},{"display":"Michl, Patrick","family":"Michl","given":"Patrick","role":"aut"},{"display":"Walldorf, Jens","family":"Walldorf","role":"aut","given":"Jens"}],"language":["eng"],"type":{"media":"Online-Ressource","bibl":"article-journal"},"title":[{"title":"Inflammatory bowel disease and COVID-19-\"preventive\" sick certificates as a frequent coping strategy in the face of the pandemic","title_sort":"Inflammatory bowel disease and COVID-19-\"preventive\" sick certificates as a frequent coping strategy in the face of the pandemic"}]} 
SRT |a SCHLABITZFINFLAMMATO2020